| 000 | 00677nam a2200181Ia 4500 | ||
|---|---|---|---|
| 003 | GCL | ||
| 008 | 140319s9999 xx 000 0 ara d | ||
| 040 |
_aGCL / _cGCL |
||
| 082 | 0 | 4 |
_a252.4 _bك د |
| 100 | 1 | _aكمال خليفة ابوزيد | |
| 245 | 1 | 0 |
_aدراسات نظرية وتطبيقية فى محاسبة الزكاة / _cكمال خليفة ابوزيد |
| 260 |
_aالقاهرة : _bدار الجامعة الجديدة للنشر ، _c2002 |
||
| 300 |
_a402 ص ؛ _c24 سم |
||
| 650 | 0 | 4 | _aالزكاة - الانواع التى يجب فيها و مقاديرها |
| 650 | 0 | 4 | _aزكاة التجارة |
| 650 | 0 | 4 | _aزكاة الحيوان |
| 942 |
_2ddc _cBK |
||
| 999 |
_c5312 _d5312 |
||